00453nam a22001577a 450000500170000001000150001702000260003203500140005803700130007208200060008510000210009124500390011226000440015127000800019530000200027520150825112936.0 aENG-113552 c499.00a9789350099209 aEN- 97084 bDBAD/PUB aN aMajumdar, Saikat aThe firebird /cby Saikat Majumdar aGurgaonbHachette Book Publishingc2015 a4th & 5th Floors, Corporate Center, Plot No. 94, Sector 44bGurgaone122003 a233p.c21cm(Hb)